Statistics for Country Flags without Symbols

Click here to take the quiz!

General Stats

  • This quiz has been taken 296 times
  • The average score is 39 of 54

Answer Stats

FlagCountry% Correct
France
92%
Russia
90%
Poland
89%
Italy
86%
Belgium
84%
Estonia
84%
Germany
84%
Latvia
84%
Austria
83%
Ireland
83%
Lithuania
83%
Netherlands
83%
Romania
83%
Indonesia
82%
Japan
82%
Monaco
82%
Chad
80%
Peru
80%
Yemen
80%
Hungary
78%
Bulgaria
77%
Luxembourg
77%
Mali
76%
Armenia
75%
Thailand
73%
Ukraine
73%
Bangladesh
72%
Guinea
72%
Niger
72%
Palau
71%
United Arab Emirates
70%
Colombia
69%
Czech Republic
68%
Kuwait
68%
Nigeria
68%
Laos
67%
Benin
66%
Cote d'Ivoire
66%
Sudan
66%
Madagascar
65%
Gabon
64%
Botswana
63%
Congo
62%
Tanzania
61%
Gambia
59%
Seychelles
59%
Sierra Leone
58%
Trinidad and Tobago
58%
Mauritius
57%
Bahamas
55%
Guyana
53%
Saint Lucia
47%
Saint Vincent and the Grenadines
46%
Palestine
31%

Score Distribution

Percentile by Number Answered

Percent of People with Each Score

Your Score History

You have not taken this quiz